Fundamentals of Incompressible Fluid Flow/ (Record no. 166841)

MARC details
000 -LEADER
fixed length control field 00636nam a22001817a 4500
010 ## - LCCN (DPL NO)
LC control number ENG-126152
020 ## - INTERNATIONAL STANDARD BOOK NUMBER
International Standard Book Number 978-93-8676-193-4
Terms of availability 995.00
035 ## - SYSTEM CONTROL NUMBER
System control number EN-109684
037 ## - SOURCE OF ACQUISITION
Source of stock number/acquisition DBAD/PUB
082 ## - DEWEY DECIMAL CLASSIFICATION NUMBER
Classification number 532.0535
100 ## - MAIN ENTRY--PERSONAL NAME
Personal name Babu,V.
245 ## - TITLE STATEMENT
Title Fundamentals of Incompressible Fluid Flow/
Statement of responsibility, etc byV.Babu
260 ## - PUBLICATION, DISTRIBUTION, ETC. (IMPRINT)
Place of publication, distribution, etc New Delhi
Name of publisher, distributor, etc Ane Books Pvt.Ltd.
270 ## - ADDRESS
Address 4821,Parwana Bhawan,1st Floor24 Ansari Road, Darya Ganj
City New Delhi
Postal code 110002
Telephone number +91(011)23276843
Fax number +91(011)23276863
Electronic mail address kapoor@anebooks.com
300 ## - PHYSICAL DESCRIPTION
Extent xiv207p.
Dimensions 24cm(hb)
500 ## - GENERAL NOTE
General note it includes index and bibliography
942 ## - ADDED ENTRY ELEMENTS (KOHA)
Source of classification or shelving scheme Dewey Decimal Classification
Item type English Books
Classification part 532.0535
Call number suffix BAB
Holdings
Withdrawn status Lost status Not for loan Collection code Home library Current library Date acquired Source of acquisition Cost, normal purchase price Full call number Barcode Copy number Cost, replacement price Koha item type
      Non-fiction Ashok Vihar Ashok Vihar 09/08/2019 DBAD/PUB 995.00 532.0535 BAB EN-109684 1 995.00 English Books

© Delhi Public Library
Hit Counter
free hit counter